000 01075nam a2200301 i 4500
001 000016461
003 DO-SdBNP
005 20250306144528.0
007 ta
008 100305s1994 dr ac r 000 0 spa d
040 _aDO-SdBNP
_bspa
_cBNPHU
_erda
082 4 _a378.05
_bG633d
_222
100 1 _aGómez Sánchez, Fiume
_922092
245 1 0 _aDesarrollo histórico de la facultad de humanidades /
_cFiume Gómez Sánchez.
264 _aSanto Domingo :
_bUASD,
_c1994.
300 _avolumen
_bilustraciones, fotos, retratos ;
_c28 cm.
336 _2rdacontent
_atexto
_btxt
337 _2rdamedia
_asin mediación
_bn
338 _2rdacarrier
_avolumen
_bnc
504 _aBibliografía : p. 260.
590 _aInventariado, 2018/LP
610 2 _aUnivesidad Autónoma de Santo Domingo
_xHistoria
_918294
650 4 _aUniversidades
_xHistoria
_zRepública Dominicana
_933451
650 4 _aEducadores
_zRepública Dominicana
_xBiografías
_925925
710 1 _aUniversidad Autónoma de Santo Domingo
_972951
910 _aValidado. Control de calidad. EMS
942 _2ddc
_cLBS1
999 _c15996
_d15996